[Event "WinterChess masters WGM/WMI febrero 201"]
[Site "Palma de Mallorca ESP"]
[Date "2013.02.17"]
[Round "1.1"]
[White "Rodrigo Yanguas, Maria"]
[Black "Gimenez Garcia, Emilio"]
[Result "1-0"]
[WhiteElo "2187"]
[BlackElo "1830"]
[PlyCount "158"]
[EventDate "2013.02.17"]
[EventType "tourn"]
[EventRounds "9"]
[EventCountry "ESP"]
[Source "lmi"]
[SourceDate "2013.02.17"]

1. e4 c6 2. d4 d5 3. e5 Bf5 4. Nd2 e6 5. Nb3 Nd7 6. Be3 Bb4+ 7. c3 Be7 8. Ne2
h5 9. Nf4 Bg4 10. Be2 Bxe2 11. Qxe2 g6 12. Qd2 Qc7 13. Nh3 O-O-O 14. Ng5 Bxg5
15. Bxg5 f6 16. exf6 Ngxf6 17. f3 e5 18. O-O-O e4 19. Rhe1 Rde8 20. Re2 Qd6 21.
Rde1 Re6 22. Bf4 Qe7 23. Qc2 b5 24. Nd2 Re8 25. Bg5 Qd6 26. fxe4 Qxh2 27. e5
Nh7 28. Nf3 Qg3 29. Bd2 Qg4 30. Rh1 Rf8 31. Qb3 Qf5 32. Qa3 Kb7 33. Rf1 Qf7 34.
Ref2 Qe7 35. Qxe7 Rxe7 36. c4 Rc8 37. cxd5 cxd5+ 38. Kb1 Nb6 39. Nh4 Nc4 40.
Nxg6 Nxd2+ 41. Rxd2 Rec7 42. Nf4 Rf8 43. Rff2 Ng5 44. Nxd5 Rxf2 45. Rxf2 Rd7
46. Nc3 Rxd4 47. Re2 Ne6 48. Nxb5 Rh4 49. a4 Rxa4 50. Rf2 a6 51. Nc3 Rh4 52.
Rf6 Rh1+ 53. Ka2 Nd4 54. Rd6 Nc6 55. e6 Re1 56. Nd5 Re5 57. Rd7+ Kb8 58. e7
Nxe7 59. Nxe7 Re2 60. g3 Re3 61. Nf5 Rf3 62. Rf7 a5 63. b3 Ka8 64. Ka3 Kb8 65.
Ka4 Ka8 66. b4 axb4 67. Kxb4 Kb8 68. Kc5 Rd3 69. Nd6 Rxg3 70. Kb6 Rb3+ 71. Nb5
Kc8 72. Kc6 Kd8 73. Rd7+ Ke8 74. Nd6+ Kf8 75. Kd5 Rd3+ 76. Ke6 Re3+ 77. Kf6
Rf3+ 78. Nf5 Ke8 79. Rh7 Kd8 1-0

[Event "WinterChess masters WGM/WMI febrero 201"]
[Site "Palma de Mallorca ESP"]
[Date "2013.02.17"]
[Round "1.2"]
[White "Nicolas Zapata, Javier"]
[Black "Gallardo Piña, Neus"]
[Result "1-0"]
[WhiteElo "2075"]
[BlackElo "1902"]
[PlyCount "57"]
[EventDate "2013.02.17"]
[EventType "tourn"]
[EventRounds "9"]
[EventCountry "ESP"]
[Source "lmi"]
[SourceDate "2013.02.17"]

1. e4 c5 2. Nf3 Nc6 3. d4 cxd4 4. Nxd4 e5 5. Nb5 a6 6. Nd6+ Bxd6 7. Qxd6 Qf6 8.
Qa3 Qg6 9. Be3 Qxe4 10. Nc3 Qb4 11. Qxb4 Nxb4 12. O-O-O Ne7 13. Ne4 d5 14. Nd6+
Kf8 15. Bc5 Nbc6 16. Nxc8 Rxc8 17. Rxd5 Ke8 18. Rd1 Nf5 19. c3 h5 20. Bd3 Nce7
21. Ba3 Rh6 22. Rhe1 Re6 23. Bc2 f6 24. f4 Nh4 25. Bb3 Rb6 26. fxe5 f5 27. Rd6
Rbc6 28. Be6 R8c7 29. Red1 1-0

[Event "WinterChess masters WGM/WMI febrero 201"]
[Site "Palma de Mallorca ESP"]
[Date "2013.02.17"]
[Round "1.3"]
[White "De Seroux, Camille"]
[Black "Bismuth, Lea"]
[Result "1-0"]
[WhiteElo "2105"]
[BlackElo "1962"]
[PlyCount "75"]
[EventDate "2013.02.17"]
[EventType "tourn"]
[EventRounds "9"]
[EventCountry "ESP"]
[Source "lmi"]
[SourceDate "2013.02.17"]

1. e4 e5 2. Nf3 Nc6 3. d4 exd4 4. Nxd4 Nf6 5. Nxc6 bxc6 6. e5 Qe7 7. Qe2 Nd5 8.
c4 Ba6 9. Nd2 g6 10. b3 Bg7 11. Bb2 Nb4 12. Nf3 c5 13. g3 d5 14. Bg2 Rd8 15. a3
Nc6 16. O-O O-O 17. Rfe1 Rfe8 18. Qc2 dxc4 19. bxc4 Nd4 20. Nxd4 cxd4 21. Bc6
d3 22. Qa4 d2 23. Red1 Bc8 24. Bxe8 Rxe8 25. Rxd2 Bxe5 26. Re1 f6 27. Bxe5 fxe5
28. Rde2 Rf8 29. Rxe5 Qf6 30. Qxa7 Bh3 31. Qe3 Qc6 32. Qe4 Qb6 33. Qd5+ Kh8 34.
Qc5 Qf6 35. Qxf8+ Qxf8 36. Re8 Kg7 37. Rxf8 Kxf8 38. a4 1-0

[Event "WinterChess masters WGM/WMI febrero 201"]
[Site "Palma de Mallorca ESP"]
[Date "2013.02.17"]
[Round "1.4"]
[White "Frey, Alisa"]
[Black "Ali, Ehsan"]
[Result "0-1"]
[WhiteElo "2060"]
[BlackElo "2335"]
[PlyCount "82"]
[EventDate "2013.02.17"]
[EventType "tourn"]
[EventRounds "9"]
[EventCountry "ESP"]
[Source "lmi"]
[SourceDate "2013.02.17"]

1. e4 e5 2. Nf3 Nc6 3. Bb5 a6 4. Ba4 Nf6 5. O-O Be7 6. Re1 b5 7. Bb3 O-O 8. h3
d6 9. c3 Na5 10. Bc2 c5 11. d4 Qc7 12. Nbd2 Re8 13. Nf1 Bd7 14. Ng3 cxd4 15.
cxd4 Rac8 16. Bd3 Nc6 17. Be3 Nb4 18. Rc1 Qb8 19. Bb1 Rxc1 20. Qxc1 Rc8 21. Qd2
Nc6 22. d5 Nd8 23. Rc1 Nb7 24. Rxc8+ Qxc8 25. Qc2 Qb8 26. Qc3 Bd8 27. Bd3 a5
28. b3 Ne8 29. Ne2 g6 30. Qc2 Be7 31. Bb6 Bd8 32. Be3 Ng7 33. Nc3 Nc5 34. Nxe5
dxe5 35. Bxc5 f5 36. a4 b4 37. Nb5 fxe4 38. Bxe4 Bxb5 39. axb5 Qxb5 40. Bd6 Bf6
41. Qc8+ Qe8 0-1

[Event "WinterChess masters WGM/WMI febrero 201"]
[Site "Palma de Mallorca ESP"]
[Date "2013.02.17"]
[Round "1.5"]
[White "Robin, Samy"]
[Black "Garcia Del Rey, Senen"]
[Result "1/2-1/2"]
[WhiteElo "2250"]
[BlackElo "2293"]
[PlyCount "46"]
[EventDate "2013.02.17"]
[EventType "tourn"]
[EventRounds "9"]
[EventCountry "ESP"]
[Source "lmi"]
[SourceDate "2013.02.17"]

1. d4 Nf6 2. Nc3 d6 3. e4 e5 4. Nf3 Nbd7 5. Bc4 Be7 6. h3 c6 7. a4 O-O 8. O-O
b6 9. Bg5 a6 10. dxe5 Nxe5 11. Nxe5 dxe5 12. Qe2 Bb7 13. Rad1 Qc7 14. f4 b5 15.
fxe5 Qxe5 16. Rf5 Qc7 17. e5 Nd5 18. Nxd5 cxd5 19. Bxe7 Qxe7 20. Bxd5 Qc5+ 21.
Qf2 Qxf2+ 22. Rxf2 Bxd5 23. Rxd5 bxa4 1/2-1/2

[Event "WinterChess masters WGM/WMI febrero 201"]
[Site "Palma de Mallorca ESP"]
[Date "2013.02.18"]
[Round "2.1"]
[White "Gimenez Garcia, Emilio"]
[Black "Garcia Del Rey, Senen"]
[Result "0-1"]
[WhiteElo "1830"]
[BlackElo "2293"]
[PlyCount "79"]
[EventDate "2013.02.17"]
[EventType "tourn"]
[EventRounds "9"]
[EventCountry "ESP"]
[Source "lmi"]
[SourceDate "2013.02.17"]

1. d4 Nf6 2. Nf3 c5 3. e3 g6 4. Nbd2 b6 5. c3 Bb7 6. Bd3 Bg7 7. O-O O-O 8. e4
cxd4 9. Nxd4 d6 10. Re1 Nbd7 11. f3 a6 12. Nf1 Qc7 13. Be3 e5 14. Nb3 d5 15.
exd5 Nxd5 16. Bg5 f6 17. Bh4 f5 18. Ne3 Nxe3 19. Rxe3 Rae8 20. Qf1 b5 21. Qd1
e4 22. fxe4 fxe4 23. Bf1 Qf4 24. Qe1 Bh6 25. Re2 e3 26. Qg3 g5 27. Qxf4 gxf4
28. Nd4 Ne5 29. Rc2 Be4 30. Rcc1 e2 31. Bxe2 f3 32. gxf3 Nxf3+ 33. Bxf3 Bxc1
34. Rxc1 Bxf3 35. Nxf3 Rxf3 36. Rc2 Re6 37. Bf2 Kf7 38. Rd2 Ke7 39. Bg3 Rg6 40.
Re2+ 0-1

[Event "WinterChess masters WGM/WMI febrero 201"]
[Site "Palma de Mallorca ESP"]
[Date "2013.02.18"]
[Round "2.2"]
[White "Ali, Ehsan"]
[Black "Robin, Samy"]
[Result "1/2-1/2"]
[WhiteElo "2335"]
[BlackElo "2250"]
[PlyCount "86"]
[EventDate "2013.02.17"]
[EventType "tourn"]
[EventRounds "9"]
[EventCountry "ESP"]
[Source "lmi"]
[SourceDate "2013.02.17"]

1. e4 e5 2. Nf3 Nc6 3. Bc4 Nf6 4. d3 Be7 5. O-O O-O 6. Re1 d6 7. c3 Na5 8. Bb5
a6 9. Ba4 b5 10. Bc2 c5 11. Nbd2 Re8 12. Nf1 Bf8 13. d4 Bg4 14. d5 Nc4 15. h3
Bxf3 16. Qxf3 g6 17. a4 Nd7 18. b3 Na5 19. Ne3 Bh6 20. axb5 axb5 21. Nf5 Bf8
22. Nh6+ Bxh6 23. Bxh6 c4 24. bxc4 Nxc4 25. Bd3 Qf6 26. Qg4 Nc5 27. Bxc4 bxc4
28. Bg5 Qg7 29. Qh4 f5 30. Bf6 Qf7 31. exf5 gxf5 32. Rxa8 Rxa8 33. f3 Nd3 34.
Rb1 Nf4 35. Bg5 Ne2+ 36. Kh2 Nxc3 37. Rc1 Nxd5 38. Qxc4 f4 39. Qc6 Re8 40. Qxd6
Qe6 41. Rc6 Qxd6 42. Rxd6 Ne3 43. Rd8 Rxd8 1/2-1/2

[Event "WinterChess masters WGM/WMI febrero 201"]
[Site "Palma de Mallorca ESP"]
[Date "2013.02.18"]
[Round "2.3"]
[White "Bismuth, Lea"]
[Black "Frey, Alisa"]
[Result "1/2-1/2"]
[WhiteElo "1962"]
[BlackElo "2060"]
[PlyCount "78"]
[EventDate "2013.02.17"]
[EventType "tourn"]
[EventRounds "9"]
[EventCountry "ESP"]
[Source "lmi"]
[SourceDate "2013.02.17"]

1. e4 e5 2. Nf3 Nc6 3. Nc3 Nf6 4. d4 exd4 5. Nxd4 Bb4 6. Nxc6 bxc6 7. Bd3 O-O
8. O-O d5 9. exd5 cxd5 10. Bg5 c6 11. Qf3 Be7 12. Rfe1 Be6 13. Ne2 h6 14. Bh4
c5 15. Nf4 Bg4 16. Qe3 Re8 17. Bxf6 Bxf6 18. Qxe8+ Qxe8 19. Rxe8+ Rxe8 20. Nxd5
Bxb2 21. Rb1 Bd4 22. Ne7+ Kf8 23. Nc6 Be6 24. a3 Ba2 25. Rd1 Bb2 26. Nxa7 Bxa3
27. Ra1 Ra8 28. Rxa2 Rxa7 29. c4 Ke7 30. Kf1 Kd6 31. Be4 Ke5 32. Bd5 Kd4 33.
Ke2 Re7+ 34. Kf3 Bb4 35. Re2 Rxe2 36. Kxe2 f6 37. Kf3 Be1 38. Ke2 Ba5 39. Kf3
Be1 1/2-1/2

[Event "WinterChess masters WGM/WMI febrero 201"]
[Site "Palma de Mallorca ESP"]
[Date "2013.02.18"]
[Round "2.4"]
[White "Gallardo Piña, Neus"]
[Black "De Seroux, Camille"]
[Result "1/2-1/2"]
[WhiteElo "1902"]
[BlackElo "2105"]
[PlyCount "146"]
[EventDate "2013.02.17"]
[EventType "tourn"]
[EventRounds "9"]
[EventCountry "ESP"]
[Source "lmi"]
[SourceDate "2013.02.17"]

1. d4 Nf6 2. Nf3 g6 3. c4 Bg7 4. Nc3 O-O 5. e4 d6 6. Bd3 c5 7. d5 e6 8. O-O
exd5 9. cxd5 a6 10. a4 Re8 11. Re1 Bg4 12. h3 Bxf3 13. Qxf3 Nbd7 14. Qg3 Nh5
15. Qg5 Bf6 16. Qd2 Be5 17. Ne2 Rc8 18. g4 Ng7 19. f4 Qh4 20. Kg2 Bf6 21. Ng1
Bd8 22. g5 Nf5 23. Ne2 c4 24. Bc2 Ne3+ 25. Qxe3 Qxe1 26. Ra3 Bb6 27. Nd4 Qxe3
28. Bxe3 Bc5 29. Ra1 Bb4 30. Kf3 Nc5 31. f5 Nd7 32. f6 Ne5+ 33. Ke2 Bc5 34. Nf3
Bxe3 35. Kxe3 Nxf3 36. Kxf3 Rc5 37. Ra3 Rb8 38. Ke3 b5 39. axb5 Rcxb5 40. Rxa6
Rxb2 41. Kd2 R2b6 42. Ra3 Kf8 43. Kc3 Rc8 44. Ra7 Ke8 45. Ba4+ Kf8 46. Bc2 Kg8
47. Ba4 Rb1 48. Bd7 Rcb8 49. Kxc4 R1b3 50. Ra4 Rg3 51. Bg4 Re8 52. Kd4 Rb8 53.
Kc4 Re3 54. Kd4 Reb3 55. Kc4 Rb1 56. Kd3 R1b3+ 57. Kc4 R3b6 58. Kc3 R6b7 59.
Kd3 h6 60. gxh6 Kh7 61. Ke3 Kxh6 62. Kf4 g5+ 63. Kf5 Re8 64. Bf3 Rb3 65. Kg4
Kg6 66. Ra6 Rd8 67. e5 dxe5 68. Be4+ Kh6 69. Ra7 Re3 70. Kf5 Rf8 71. Re7 Rxh3
72. Rxe5 Rh4 73. Re7 Rh2 1/2-1/2

[Event "WinterChess masters WGM/WMI febrero 201"]
[Site "Palma de Mallorca ESP"]
[Date "2013.02.18"]
[Round "2.5"]
[White "Rodrigo Yanguas, Maria"]
[Black "Nicolas Zapata, Javier"]
[Result "1-0"]
[WhiteElo "2187"]
[BlackElo "2075"]
[PlyCount "63"]
[EventDate "2013.02.17"]
[EventType "tourn"]
[EventRounds "9"]
[EventCountry "ESP"]
[Source "lmi"]
[SourceDate "2013.02.17"]

1. e4 e5 2. Nf3 Nc6 3. Bb5 a6 4. Ba4 b5 5. Bb3 Nf6 6. d3 Bc5 7. O-O d6 8. a4
Bg4 9. c3 O-O 10. Nbd2 Qd7 11. Re1 Be6 12. Bxe6 Qxe6 13. Nf1 d5 14. exd5 Qxd5
15. Ne3 Qd7 16. b4 Bxe3 17. Bxe3 Rad8 18. axb5 axb5 19. c4 e4 20. dxe4 Qe6 21.
Qb1 Qxc4 22. Rc1 Qe6 23. Ra6 Rd6 24. Bc5 Nb8 25. Bxd6 cxd6 26. Rb6 Nxe4 27. Re1
f5 28. Rxb5 Qc4 29. Rb7 Nc6 30. Qc1 Qa6 31. Rc7 Nxb4 32. Qb2 1-0

[Event "WinterChess masters WGM/WMI febrero 201"]
[Site "Palma de Mallorca ESP"]
[Date "2013.02.19"]
[Round "3.1"]
[White "Nicolas Zapata, Javier"]
[Black "Gimenez Garcia, Emilio"]
[Result "0-1"]
[WhiteElo "2075"]
[BlackElo "1830"]
[PlyCount "72"]
[EventDate "2013.02.17"]
[EventType "tourn"]
[EventRounds "9"]
[EventCountry "ESP"]
[Source "lmi"]
[SourceDate "2013.02.17"]

1. e4 c6 2. Nc3 d5 3. Nf3 dxe4 4. Nxe4 Nf6 5. Nxf6+ exf6 6. d4 Bd6 7. Bc4 Qe7+
8. Be3 O-O 9. O-O Be6 10. Bxe6 Qxe6 11. Qd3 Na6 12. a3 Nc7 13. c4 Rfe8 14. h3
Rad8 15. Rfe1 Qd7 16. Rad1 Ne6 17. d5 cxd5 18. Bxa7 Nf4 19. Rxe8+ Rxe8 20. Qf1
Qf5 21. cxd5 Nxh3+ 22. gxh3 Qxf3 23. Qd3 Qf4 24. Qg3 Qa4 25. Qxd6 Qxd1+ 26. Kg2
Qe2 27. Qd7 Qe7 28. Qxe7 Rxe7 29. d6 Re2 30. Bc5 Rxb2 31. Kf3 Rd2 32. Kf4 Kf8
33. Ke3 Rd5 34. Bb4 Ke8 35. Ke4 Rh5 36. Kd4 Kd7 0-1

[Event "WinterChess masters WGM/WMI febrero 201"]
[Site "Palma de Mallorca ESP"]
[Date "2013.02.19"]
[Round "3.2"]
[White "De Seroux, Camille"]
[Black "Rodrigo Yanguas, Maria"]
[Result "1-0"]
[WhiteElo "2105"]
[BlackElo "2187"]
[PlyCount "67"]
[EventDate "2013.02.17"]
[EventType "tourn"]
[EventRounds "9"]
[EventCountry "ESP"]
[Source "lmi"]
[SourceDate "2013.02.17"]

1. e4 e6 2. d4 d5 3. Nd2 Be7 4. Ngf3 Nf6 5. e5 Nfd7 6. Bd3 c5 7. c3 Nc6 8. O-O
a5 9. a4 cxd4 10. cxd4 Nb4 11. Bb5 O-O 12. Nb1 f6 13. exf6 Nxf6 14. Nc3 Bd6 15.
Bg5 Qc7 16. Rc1 Qb8 17. Bh4 Bf4 18. Bg3 Ng4 19. Ne2 Bxg3 20. hxg3 Qd6 21. Nf4
b6 22. Qe2 Ra7 23. Rc3 Raf7 24. Rfc1 Na2 25. Rxc8 Nxc1 26. Rxc1 Nf6 27. Rc6 Qb4
28. Nd3 Qb3 29. Rc3 Qa2 30. Qd1 Ne4 31. Ra3 Qxa3 32. bxa3 Rc8 33. Nd2 Ng5 34.
f4 1-0

[Event "WinterChess masters WGM/WMI febrero 201"]
[Site "Palma de Mallorca ESP"]
[Date "2013.02.19"]
[Round "3.3"]
[White "Frey, Alisa"]
[Black "Gallardo Piña, Neus"]
[Result "1-0"]
[WhiteElo "2060"]
[BlackElo "1902"]
[PlyCount "57"]
[EventDate "2013.02.17"]
[EventType "tourn"]
[EventRounds "9"]
[EventCountry "ESP"]
[Source "lmi"]
[SourceDate "2013.02.17"]

1. d4 d5 2. Nc3 Nf6 3. Bg5 Nbd7 4. f3 h6 5. Bh4 e6 6. e4 dxe4 7. fxe4 Be7 8.
Qd3 b6 9. O-O-O Bb7 10. Nf3 Ng4 11. Bg3 O-O 12. h3 Bg5+ 13. Kb1 Ne3 14. Re1
Nxf1 15. Rhxf1 c5 16. d5 exd5 17. Nxd5 Rc8 18. h4 Bf6 19. Bd6 Re8 20. g4 Ne5
21. Nxf6+ gxf6 22. Nxe5 fxe5 23. Qf3 Qd7 24. g5 Re6 25. Rd1 Bxe4 26. Qxe4 Rxd6
27. Rxd6 Qxd6 28. gxh6 Qxh6 29. Qg4+ 1-0

[Event "WinterChess masters WGM/WMI febrero 201"]
[Site "Palma de Mallorca ESP"]
[Date "2013.02.19"]
[Round "3.4"]
[White "Robin, Samy"]
[Black "Bismuth, Lea"]
[Result "1/2-1/2"]
[WhiteElo "2250"]
[BlackElo "1962"]
[PlyCount "27"]
[EventDate "2013.02.17"]
[EventType "tourn"]
[EventRounds "9"]
[EventCountry "ESP"]
[Source "lmi"]
[SourceDate "2013.02.17"]

1. d4 Nf6 2. c4 g6 3. Nc3 Bg7 4. e4 d6 5. Be2 O-O 6. g4 Na6 7. g5 Nd7 8. h4 e5
9. d5 f6 10. gxf6 Nxf6 11. h5 Nc5 12. hxg6 Nfxe4 13. Nxe4 Nxe4 14. gxh7+
1/2-1/2

[Event "WinterChess masters WGM/WMI febrero 201"]
[Site "Palma de Mallorca ESP"]
[Date "2013.02.19"]
[Round "4.2"]
[White "Bismuth, Lea"]
[Black "Garcia Del Rey, Senen"]
[Result "0-1"]
[WhiteElo "1962"]
[BlackElo "2293"]
[PlyCount "84"]
[EventDate "2013.02.17"]
[EventType "tourn"]
[EventRounds "9"]
[EventCountry "ESP"]
[Source "lmi"]
[SourceDate "2013.02.17"]

1. e4 c5 2. Nc3 a6 3. Nf3 e6 4. d4 cxd4 5. Nxd4 Qc7 6. g3 Nf6 7. Bg2 Be7 8. f4
d6 9. Be3 O-O 10. g4 Nc6 11. g5 Nd7 12. Qg4 Nb6 13. Qg3 Nc4 14. O-O Nxe3 15.
Qxe3 Nxd4 16. Qxd4 d5 17. Kh1 dxe4 18. Qxe4 Rb8 19. Rad1 b5 20. Qe2 Bb7 21. Ne4
Rbc8 22. Rf2 Rfd8 23. Rd3 Rxd3 24. Qxd3 Rd8 25. Qe2 Qd7 26. h4 b4 27. h5 a5 28.
Kh2 Qc7 29. Qg4 Bxe4 30. Bxe4 Rd4 31. Bd3 g6 32. hxg6 hxg6 33. Kh3 Bd6 34. Kg3
e5 35. Rh2 Rxf4 36. Qh3 Kf8 37. Qh6+ Ke7 38. Bxg6 e4 39. Kg2 Qxc2+ 40. Kh3 Qd3+
41. Kg2 Qf1+ 42. Kg3 Qf3# 0-1

[Event "WinterChess masters WGM/WMI febrero 201"]
[Site "Palma de Mallorca ESP"]
[Date "2013.02.19"]
[Round "4.3"]
[White "Gallardo Piña, Neus"]
[Black "Robin, Samy"]
[Result "0-1"]
[WhiteElo "1902"]
[BlackElo "2250"]
[PlyCount "51"]
[EventDate "2013.02.17"]
[EventType "tourn"]
[EventRounds "9"]
[EventCountry "ESP"]
[Source "lmi"]
[SourceDate "2013.02.17"]

1. d4 b5 2. e4 Bb7 3. Nd2 a6 4. c4 bxc4 5. Bxc4 e6 6. Qb3 Qc8 7. Ngf3 Nf6 8.
Qc2 d5 9. exd5 Nxd5 10. O-O Nd7 11. Re1 Be7 12. Ne4 N7b6 13. Bb3 Nb4 14. Qe2
O-O 15. Nfg5 h6 16. Nxe6 fxe6 17. Nd6 Bxd6 18. Bxe6+ Rf7 19. Bxc8 Rxc8 20. a3
N4d5 21. Qe6 Rcf8 22. f3 Kh8 23. Bd2 Rf6 24. Qg4 Nc4 25. Bc3 Nde3 26. Qe4 0-1

[Event "WinterChess masters WGM/WMI febrero 201"]
[Site "Palma de Mallorca ESP"]
[Date "2013.02.19"]
[Round "4.4"]
[White "Rodrigo Yanguas, Maria"]
[Black "Frey, Alisa"]
[Result "1-0"]
[WhiteElo "2187"]
[BlackElo "2060"]
[PlyCount "55"]
[EventDate "2013.02.17"]
[EventType "tourn"]
[EventRounds "9"]
[EventCountry "ESP"]
[Source "lmi"]
[SourceDate "2013.02.17"]

1. e4 e5 2. Nf3 Nc6 3. Bb5 a6 4. Ba4 Nf6 5. d3 b5 6. Bb3 Be7 7. O-O d6 8. a4
Bg4 9. c3 O-O 10. Nbd2 Na5 11. Bc2 c5 12. h3 Bh5 13. Re1 Nc6 14. Nf1 d5 15. Ng3
Bxf3 16. Qxf3 d4 17. Nf5 Ne8 18. Qg3 Bf6 19. axb5 axb5 20. Rxa8 Qxa8 21. Bb3
Kh8 22. Bd5 Nc7 23. Bg5 Qd8 24. Bxf6 Qxf6 25. Bxc6 g6 26. cxd4 cxd4 27. Nxd4
Qd6 28. Bd5 1-0

[Event "WinterChess masters WGM/WMI febrero 201"]
[Site "Palma de Mallorca ESP"]
[Date "2013.02.19"]
[Round "4.5"]
[White "Nicolas Zapata, Javier"]
[Black "De Seroux, Camille"]
[Result "1/2-1/2"]
[WhiteElo "2075"]
[BlackElo "2105"]
[PlyCount "158"]
[EventDate "2013.02.17"]
[EventType "tourn"]
[EventRounds "9"]
[EventCountry "ESP"]
[Source "lmi"]
[SourceDate "2013.02.17"]

1. e4 c5 2. Nf3 Nc6 3. d4 cxd4 4. Nxd4 Nf6 5. Nc3 d6 6. Be3 e6 7. f3 Be7 8. Qd2
O-O 9. O-O-O d5 10. exd5 Nxd5 11. Nxd5 Qxd5 12. Nb3 Qxd2+ 13. Nxd2 Nb4 14. Bc4
b5 15. Bb3 Bb7 16. Ne4 Nd5 17. Bc5 Bxc5 18. Nxc5 Bc6 19. Rhe1 Rfe8 20. Re5 a5
21. a4 Rab8 22. axb5 Bxb5 23. Bxd5 exd5 24. Rxe8+ Rxe8 25. Rxd5 h6 26. Ne4 Bf1
27. g3 Bg2 28. Rd3 f5 29. Nd6 Re1+ 30. Kd2 Rh1 31. Ke3 Rf1 32. Kf4 g6 33. Nc4
Kf7 34. Ne5+ Kg7 35. Rd6 g5+ 36. Kxf5 Bxf3 37. Rd7+ Kf8 38. Kg6 Be4+ 39. Kxh6
Bxc2 40. Rd2 Be4 41. Nc4 g4 42. Ne3 Rf6+ 43. Kg5 Rg6+ 44. Kf4 Bf3 45. Rc2 Ke7
46. Rc5 Rb6 47. Re5+ Kf6 48. Rf5+ Ke7 49. Re5+ Kf7 50. Rxa5 Rxb2 51. h4 Rb4+
52. Kg5 Rb6 53. Rf5+ Kg7 54. h5 Rb4 55. h6+ Kg8 56. Rf4 Rb5+ 57. Rf5 Rb4 58.
Rc5 Re4 59. Nf5 Re8 60. Rc7 Kh8 61. Kf6 Rf8+ 62. Rf7 Rxf7+ 63. Kxf7 Kh7 64. Kf6
Be4 65. Nd6 Bd3 66. Kg5 Bg6 67. Nc4 Bc2 68. Ne3 Bd3 69. Nxg4 Bb1 70. Nf6+ Kh8
71. g4 Bc2 72. Nd5 Kh7 73. Ne3 Bd3 74. Kh5 Bg6+ 75. Kg5 Bd3 76. Nd5 Bc2 77. Ne3
Bd3 78. Ng2 Bc2 79. Ne3 Bd3 1/2-1/2

[Event "WinterChess masters WGM/WMI febrero 201"]
[Site "Palma de Mallorca ESP"]
[Date "2013.02.20"]
[Round "5.1"]
[White "De Seroux, Camille"]
[Black "Gimenez Garcia, Emilio"]
[Result "1-0"]
[WhiteElo "2105"]
[BlackElo "1830"]
[PlyCount "99"]
[EventDate "2013.02.17"]
[EventType "tourn"]
[EventRounds "9"]
[EventCountry "ESP"]
[Source "lmi"]
[SourceDate "2013.02.17"]

1. e4 c6 2. d4 d5 3. Nc3 dxe4 4. Nxe4 Nf6 5. Nxf6+ exf6 6. c3 Bd6 7. Bd3 Be6 8.
Ne2 Qc7 9. Ng3 Nd7 10. Qe2 O-O-O 11. Be3 Rde8 12. Ne4 Bf4 13. Bxf4 Qxf4 14. O-O
f5 15. Qd2 Qxd2 16. Nxd2 g5 17. f4 g4 18. Rfe1 Kd8 19. Nc4 Bxc4 20. Bxc4 Re7
21. Bd3 Rhe8 22. Kf2 Nf6 23. Bxf5 Ne4+ 24. Bxe4 Rxe4 25. Rxe4 Rxe4 26. g3 Re6
27. h3 gxh3 28. Rh1 Rh6 29. g4 Rg6 30. Kf3 f5 31. gxf5 Rh6 32. Kg3 h2 33. Rxh2
Rxh2 34. Kxh2 Ke7 35. Kg3 Kf6 36. Kg4 b5 37. Kh5 a5 38. Kh6 Kxf5 39. Kxh7 Kxf4
40. Kg6 Ke4 41. Kf6 Kd5 42. Ke7 c5 43. dxc5 Kxc5 44. Ke6 b4 45. cxb4+ Kxb4 46.
Kd5 a4 47. Kd4 a3 48. b3 Kb5 49. Kc3 Kc5 50. b4+ 1-0

[Event "WinterChess masters WGM/WMI febrero 201"]
[Site "Palma de Mallorca ESP"]
[Date "2013.02.20"]
[Round "5.2"]
[White "Frey, Alisa"]
[Black "Nicolas Zapata, Javier"]
[Result "0-1"]
[WhiteElo "2060"]
[BlackElo "2075"]
[PlyCount "42"]
[EventDate "2013.02.17"]
[EventType "tourn"]
[EventRounds "9"]
[EventCountry "ESP"]
[Source "lmi"]
[SourceDate "2013.02.17"]

1. e4 c5 2. Nf3 a6 3. c4 e6 4. Nc3 Qc7 5. Be2 Nf6 6. O-O d6 7. d4 cxd4 8. Nxd4
b6 9. Be3 Bb7 10. f3 Nbd7 11. Qd2 Be7 12. Rfc1 Rc8 13. a4 O-O 14. a5 Rfe8 15.
b4 bxa5 16. Rxa5 d5 17. c5 e5 18. exd5 exd4 19. Qxd4 Qxa5 20. c6 Qxb4 21. cxd7
Nxd7 0-1

[Event "WinterChess masters WGM/WMI febrero 201"]
[Site "Palma de Mallorca ESP"]
[Date "2013.02.20"]
[Round "5.3"]
[White "Robin, Samy"]
[Black "Rodrigo Yanguas, Maria"]
[Result "1-0"]
[WhiteElo "2250"]
[BlackElo "2187"]
[PlyCount "91"]
[EventDate "2013.02.17"]
[EventType "tourn"]
[EventRounds "9"]
[EventCountry "ESP"]
[Source "lmi"]
[SourceDate "2013.02.17"]

1. e4 e6 2. d4 d5 3. Nd2 Be7 4. Bd3 c5 5. dxc5 Bxc5 6. Ngf3 Nf6 7. O-O Nc6 8.
c3 a5 9. e5 Nd7 10. Nb3 Be7 11. Re1 a4 12. Nbd4 Nc5 13. Bc2 Bd7 14. Qd2 O-O 15.
Ng5 h6 16. Nh7 Re8 17. Qf4 Ne4 18. f3 Ng5 19. Nxg5 Bxg5 20. Qg4 Bxc1 21. Raxc1
Qb6 22. Re2 Rec8 23. Rd1 Na5 24. Kh1 a3 25. b4 Nc6 26. Nb3 Qc7 27. f4 Ne7 28.
Re3 Ba4 29. Rg3 g6 30. Rh3 Kg7 31. Qh4 Ng8 32. Rg3 Ra6 33. b5 Bxb5 34. Nd4 Be8
35. Re1 Qa5 36. Ree3 Rc4 37. h3 b5 38. f5 exf5 39. Bxf5 b4 40. e6 bxc3 41. exf7
Bxf7 42. Bxg6 Rxg6 43. Rxg6+ Bxg6 44. Ne6+ Kh8 45. Qg3 Ne7 46. Qe5+ 1-0

[Event "WinterChess masters WGM/WMI febrero 201"]
[Site "Palma de Mallorca ESP"]
[Date "2013.02.20"]
[Round "5.4"]
[White "Garcia Del Rey, Senen"]
[Black "Gallardo Piña, Neus"]
[Result "1-0"]
[WhiteElo "2293"]
[BlackElo "1902"]
[PlyCount "65"]
[EventDate "2013.02.17"]
[EventType "tourn"]
[EventRounds "9"]
[EventCountry "ESP"]
[Source "lmi"]
[SourceDate "2013.02.17"]

1. e4 c5 2. Nf3 Nc6 3. Bb5 g6 4. Bxc6 bxc6 5. O-O Bg7 6. Nc3 d5 7. Re1 e6 8. d3
Ne7 9. e5 Rb8 10. b3 Nf5 11. Na4 Qe7 12. Ba3 Nh4 13. Bxc5 Nxf3+ 14. Qxf3 Qd7
15. Bd6 Ra8 16. Nc5 Qd8 17. Qe3 Bf8 18. Bxf8 Kxf8 19. Qh6+ Kg8 20. d4 Qf8 21.
Qf4 Qg7 22. h4 h5 23. Re3 Kh7 24. Rf3 Rf8 25. Qg5 Re8 26. Re1 a6 27. Ree3 Ra7
28. Rf6 Ree7 29. a4 a5 30. Qg3 Qh6 31. Nd3 Rac7 32. Qf3 Re8 33. Rxf7+ 1-0

[Event "WinterChess masters WGM/WMI febrero 201"]
[Site "Palma de Mallorca ESP"]
[Date "2013.02.20"]
[Round "5.5"]
[White "Ali, Ehsan"]
[Black "Bismuth, Lea"]
[Result "1-0"]
[WhiteElo "2335"]
[BlackElo "1962"]
[PlyCount "89"]
[EventDate "2013.02.17"]
[EventType "tourn"]
[EventRounds "9"]
[EventCountry "ESP"]
[Source "lmi"]
[SourceDate "2013.02.17"]

1. e4 e5 2. Nf3 Nc6 3. Bc4 Nf6 4. d3 Be7 5. O-O d6 6. c3 O-O 7. Bb3 Na5 8. Bc2
c5 9. Nbd2 Re8 10. Re1 Bf8 11. Nf1 g6 12. Bg5 h6 13. Be3 Bg7 14. h3 Nc6 15. Qd2
Kh7 16. g4 b6 17. Ba4 Bb7 18. c4 Ng8 19. Ng3 Nge7 20. Kh2 Rf8 21. Bxc6 Bxc6 22.
Rg1 b5 23. b3 Rb8 24. Rad1 b4 25. Qe2 Ng8 26. Rg2 f6 27. Rdg1 g5 28. Nf5 a5 29.
h4 a4 30. Qd2 Kg6 31. Kg3 Rf7 32. Rh1 Bf8 33. Rgh2 Ra8 34. hxg5 fxg5 35. Rh5
Rfa7 36. Bxg5 hxg5 37. Rxg5+ Kf7 38. Rh7+ Ke8 39. Rxa7 Nf6 40. Ng7+ Bxg7 41.
Rxa8 Qxa8 42. Rxg7 Bxe4 43. Qh6 Nd7 44. Qe6+ Kd8 45. Qxd7# 1-0